11: Leonardo da Vinci ; La psicoanalisi selvaggia e Scritti 1910 /
Enregistré dans:
| Auteur principal: | |
|---|---|
| Format: | Livre |
| Langue: | italien |
| Publié: |
Roma :
Newton Compton,
1976
|
| Collection: | Newton testi ;
11 |
| Sujets: | |
| Tags: |
Pas de tags, Soyez le premier à ajouter un tag!
|
MARC
| LEADER | 00000nam a22000007ib4500 | ||
|---|---|---|---|
| 001 | IT\ICCU\MOD\0200099 | ||
| 003 | ItRI | ||
| 005 | 20260115232346.0 | ||
| 008 | 010330s1988 it |||||| ||||| |||||c | ||
| 040 | |b ita |c importazione bologna sebina | ||
| 041 | 7 | |a ita |2 ISO-639-2 | |
| 100 | 1 | |a Freud, Sigmund |0 IT\ICCU\CFIV\003682 |4 aut | |
| 245 | 1 | 4 | |a 11: Leonardo da Vinci ; La psicoanalisi selvaggia e Scritti 1910 / |c Sigmund Freud. |
| 260 | |a Roma : |b Newton Compton, |c 1976 | ||
| 300 | |a 147 p. ; |c 20 cm | ||
| 650 | 7 | |a Leonardo : da Vinci |x Psicanalisi | |
| 773 | 0 | |w IT\ICCU\TO0\0338371 |t Opere 1886-1921 |g 11 |a Freud, Sigmund |0 IT\ICCU\CFIV\003682 | |
| 777 | 1 | |w IT\ICCU\MOD\0515569 |t La psicoanalisi selvaggia | |
| 777 | 1 | |w IT\ICCU\MOD\0515571 |t Scritti 1910 | |
| 790 | 1 | |a Freud, Sigismund Schlomo |3 IT\ICCU\LO1V\380493 |z Freud, Sigmund | |
| 790 | 1 | |a Frejd, Zigmund |3 IT\ICCU\UBOV\505524 |z Freud, Sigmund | |
| 790 | 0 | |a Fuluoyide |3 IT\ICCU\UMCV\404911 |z Freud, Sigmund | |
| 830 | 0 | |a Newton testi ; |v 11 |0 IT\ICCU\RAV\0153255 | |
| 942 | |2 ddc |c BK |n 0 | ||
| 952 | |0 0 |1 0 |4 0 |6 DOC_150_195000000000000_FRE |7 0 |9 24771 |a BO |b BO |d 2026-01-15 |i 110 |l 0 |o DOC 150.195 FRE |p BO110 |r 2026-01-15 23:23:46 |w 2026-01-15 |x [Sebina 5] [v. 11,19] |y BK |z v. 11 | ||
| 952 | |0 0 |1 0 |4 0 |6 DOC_150_195000000000000_FRE |7 0 |9 24772 |a BO |b BO |d 2026-01-15 |i 2003 |l 0 |o DOC 150.195 FRE |p BO2003 |r 2026-01-15 23:23:46 |w 2026-01-15 |x [Sebina 5] [v. 4,9,11,14,15,19] |y BK |z v. 11 | ||
| 999 | |c 21057 |d 21057 | ||